000 01352nam a2200313 i 4500
001 000000135
003 DO-SdBNP
005 20250321073607.0
007 ta
008 090130s2018 dr a 001 0 spa d
040 _aDO-SdBNP
_bspa
_cBNPHU
_erda
082 4 _a460
_bP426c
_222
100 1 _aPeralta Romero, Rafael,
_d1948-
_eautor
_979774
245 1 0 _aConcurrencia de libertades y restricciones en el uso de la lengua española /
_cRafael Peralta Romero.
264 _aSanto Domingo :
_bAcademia Dominicana de la Lengua,
_c2018.
300 _a32 páginas ;
_c28 cm.
336 _2rdacontent
_atexto
_btxt
337 _2rdamedia
_asin mediación
_bn
338 _2rdacarrier
_avolumen
_bnc
500 _aTexto del discurso de ingreso presentado por Rafael Peralta Romero para su incorporación como miembro de número a la Academia Dominicana de la Lengua el 13 de febrero 2018
500 _aA la cabeza de la portada: Academia Dominicana de la Lengua. Correspondiente de la Real Academia Española.
501 _aIncluye datos biográficos del autor en la página 29-32
504 _aBibliografía : p. 28
590 _aInventariado, 2022 / DG
650 4 _9441
_aEspañol
_xEnseñanza
_vEnsayos, conferencias, etc.
710 2 _aAcademia Dominicana de la Lengua
_921770
910 _aDG/Validado. Control de calidad MFF
942 _2ddc
_cLBS1
999 _c52364
_d52364